000
00295nam a2200109Ia 4500
008
171211s9999 xx 000 0 und d
245
_a
Sex Positions for Every Body
245
_c
Jill McDevitt
260
_c
2009
650
_x
Sexuality
856
_u
http://down.ebook777.com/064/9781623157128.pdf
999
_c
350637
_d
350637